Most Popular Imagine Dragons Songs - Statistics

General Stats
  • This quiz has been taken 166 times
  • The average score is 24 of 44
Answer Stats
Hint Answer % Correct
2,620,680,000 Believer
98%
1,863,621,000 Demons
93%
1,598,972,000 Radioactive
93%
239,400,000 Radioactive (feat. Kendrick Lamar)
93%
2,076,303,000 Thunder
88%
115,689,000 Thunder/Young Dumb & Broke (with Khalid)
88%
265,444,000 Enemy
83%
1,242,646,000 Enemy (with JID)
83%
1,064,112,000 Natural
82%
866,004,000 Bones
77%
1,066,294,000 Whatever It Takes
75%
912,938,000 Bad Liar
70%
812,069,000 On Top Of The World
69%
629,910,000 It's Time
68%
200,733,000 Sharks
65%
622,924,000 Warriors
65%
160,884,000 Shots
61%
384,478,000 Shots - Broiler Remix
61%
305,128,000 I Bet My Life
58%
137,098,000 Gold
56%
219,580,000 Birds
54%
231,276,000 I'm So Sorry
54%
356,552,000 Follow You
52%
266,547,000 Next To Me
52%
1,051,350,000 Sucker for Pain
52%
111,235,000 Amsterdam
50%
260,761,000 Wrecked
50%
173,050,000 Monster
49%
245,453,000 Walking The Wire
49%
263,448,000 Zero
48%
134,379,000 Tiptoe
44%
230,233,000 Bleeding Out
39%
131,587,000 Roots
38%
529,456,000 Born To Be Yours
37%
124,700,000 Machine
37%
179,967,000 Rise Up
32%
149,227,000 I Don't Know Why
27%
143,971,000 Dream
23%
101,804,000 Mouth Of The River
23%
130,826,000 Friction
21%
126,327,000 Battle Cry
20%
105,687,000 I'll Make It Up To You
20%
183,547,000 Not Today
17%
152,649,000 Blank Space/Stand By Me
8%
No matching quizzes found
Score Distribution
Percent of People with Each Score
Percentile by Number Answered
Your Score History
You have not taken this quiz